World Goat Population Quiz Stats

 Plays Quiz Updated Nov 27, 2018

Challenge
Share
Tweet
Embed
Score 0/30 Timer 06:00
0 Plays Today
Rank Country % Correct
1.China
92.4%
2.India
87.4%
15.Brazil
74.6%
3.Pakistan
73.3%
16.Mexico
71.5%
7.Iran
70.8%
24.South Africa
63.6%
20.Afghanistan
63.5%
23.Turkey
57.7%
17.Mongolia
52.9%
13.Niger
52.5%
5.Sudan
50.5%
4.Nigeria
50.4%
12.Kenya
49.2%
11.Ethiopia
46.9%
Rank Country % Correct
28.Chad
46.1%
9.Indonesia
45.1%
29.Morocco
43.4%
26.Greece
43.1%
6.Bangladesh
39.6%
22.Nepal
38.9%
8.Somalia
38.6%
18.Mali
33.7%
10.Tanzania
32.3%
21.Uganda
27.7%
30.Mozambique
24.8%
19.Yemen
24.4%
25.Philippines
22.2%
27.Mauritania
20.6%
14.Burkina Faso
12.5%

You're not logged in!

Compare scores with friends on all Sporcle quizzes.
OR
Log In

You Might Also Like...

Show Comments

Extras

Top Quizzes Today


Score Distribution

Your Account Isn't Verified!

In order to create a playlist on Sporcle, you need to verify the email address you used during registration. Go to your Sporcle Settings to finish the process.

Report this User

Report this user for behavior that violates our Community Guidelines.

Details: